Los indicadores sociales a debate / (Record no. 39776)

MARC details
000 -LEADER
campo de control de longitud fija 00843nam a2200229 i 4500
001 - NÚMERO DE CONTROL
campo de control 39776
003 - IDENTIFICADOR DE NÚMERO DE CONTROL
campo de control ES-MaACL
005 - FECHA Y HORA DE LA ÚLTIMA TRANSACCIÓN
campo de control 20230906160058.0
007 - CAMPO FIJO DE DESCRIPCIÓN FÍSICA--INFORMACIÓN GENERAL
campo de control de longitud fija t|
008 - DATOS DE LONGITUD FIJA--INFORMACIÓN GENERAL
campo de control de longitud fija 030304s1972 sp ||||1| spa d
245 04 - MENCIÓN DEL TÍTULO
Título Los indicadores sociales a debate /
Mención de responsabilidad, etc. dirigido por Salustiano del Campo Urbano.
260 ## - PUBLICACIÓN, DISTRIBUCIÓN, ETC.
Lugar de publicación, distribución, etc. Madrid :
Nombre del editor, distribuidor, etc. Euroamérica,
Fecha de publicación, distribución, etc. [1972]
300 ## - DESCRIPCIÓN FÍSICA
Extensión 288 p. ;
Dimensiones 22 cm.
490 1# - MENCIÓN DE SERIE
Mención de serie Colección Fundación Foessa. Serie Estudios ;
Designación de volumen o secuencia 8
594 ## - Nota al título y mención de responsabilidad
Nota al título y mención de responsabilidad Precede al tít.: Fundación Foessa. Fomento de Estudios Sociales y de Sociología Aplicada.
650 #4 - PUNTO DE ACCESO ADICIONAL DE MATERIA--TÉRMINO DE MATERIA
Término de materia o nombre geográfico como elemento de entrada Indicadores socioeconómicos.
9 (RLIN) 168854
700 1# - ENTRADA AGREGADA--NOMBRE PERSONAL
Nombre de persona Campo Urbano, Salustiano del.
9 (RLIN) 34221
710 2# - ENTRADA AGREGADA--NOMBRE DE ENTIDAD CORPORATIVA
Nombre de entidad corporativa o nombre de jurisdicción como elemento de entrada Fundación FOESSA.
9 (RLIN) 4303
830 0# - PUNTO DE ACCESO ADICIONAL DE SERIE-TÍTULO UNIFORME
Título uniforme Colección Fundación Foessa. Serie Estudios ;
Designación de volumen o secuencia 8
9 (RLIN) 183672
852 ## - LOCALIZACIÓN
Ubicación ES-MaACL
Número de control de estantería C-46875
Sublocalización o colección R.82181
Holdings
Estatus retirado Estado de pérdida Estado de daño No para préstamo Biblioteca de origen Biblioteca actual Ubicación en estantería Fecha de adquisición Fuente de adquisición Total de préstamos Signatura topográfica completa Código de barras Visto por última vez Precio de reemplazo Tipo de ítem Koha
        Biblioteca del Ateneo de Madrid Biblioteca del Ateneo de Madrid Depósito 2 17/01/2008     C-46875 1041886 23/02/2023 23/02/2023 Libro impreso